| 000 | 01084nam0a22002651 4500 | ||
|---|---|---|---|
| 001 | rc\774335 | ||
| 005 | 20040301143058.5 | ||
| 035 | _a(NLR Aleph) 006300693 | ||
| 090 |
_a7248079 _c7248079 |
||
| 100 | _a20040301d1984 u |0rusy50 ca | ||
| 101 | 0 | _arus | |
| 102 | _aRU | ||
| 105 | _ay ||||||||| | ||
| 200 | 1 | _aСовершенствование производства вспученного перлитового песка | |
| 210 |
_aКиев _cО-во "Знание" УССР _d1984 |
||
| 215 |
_a20 с. _d20 |
||
| 225 | 1 |
_aВ помощь лектору и специалисту _fО-во "Знание" УССР _iНаучно-технический прогресс и целевые комплексные программы |
|
| 320 | _aБиблиогр. в конце кн. (8 назв.) | ||
| 700 | 1 |
_aАлексеева _bЛ. В. _gЛидия Владимировна |
|
| 701 | 1 |
_aГолубчин _bА. Г. _gАнатолий Григорьевич |
|
| 801 | 0 |
_aRU _bNLR _gpsbo |
|
| 801 | 1 |
_aRU _bELAR _2rusmarc |
|
| 852 |
_aNLR _j85-4/9742 |
||
| 942 | _cBOOK | ||
| 980 | _aNB | ||